Dân số, tài nguyên, môi trường và chất lượng cuộc sống Sách hướng dẫn về các lĩnh vực sư phạm và cơ sở kiến thức của Giáo dục dân số

Đã lưu trong:
書目詳細資料
主要作者: Sharma, R.C
格式: 圖書
出版: Ấn Độ Dhanpat Rai & Sons 1988
標簽: 添加標簽
沒有標簽, 成為第一個標記此記錄!
Thư viện lưu trữ: Trung tâm Học liệu Lê Vũ Hùng, Trường Đại học Đồng Tháp
LEADER 00813pam a22001938a 4500
001 00039376
005 20171026081025.0
008 170518s1988 ||||||Viesd
041 0 # |a Vie 
082 1 4 |a 304.6  |b D121S 
100 1 # |a Sharma, R.C 
245 1 0 |a Dân số, tài nguyên, môi trường và chất lượng cuộc sống  |b Sách hướng dẫn về các lĩnh vực sư phạm và cơ sở kiến thức của Giáo dục dân số  |c R.C Sharma 
260 # # |a Ấn Độ  |b Dhanpat Rai & Sons  |c 1988 
300 # # |a 200 tr.  |b 21cm 
852 # # |b Kho mượn  |j KM.0021613 
852 # # |b Kho đọc  |j KD.1000970, KD.0020565 
852 # # |j KD.0020565  |j KM.0021613 
910 |d 18/05/2017 
980 # # |a Trung tâm Học liệu Lê Vũ Hùng, Trường Đại học Đồng Tháp